000
00241nam a22001097a 4500
008
160510b xxu||||| |||| 00| 0 eng d
020
_a
0878915095
041
_a
eng
080
_a
54
245
_a
Chemistry:
_c
A. Lamont Tyler;
942
_2
udc
_c
BK
999
_c
1944
_d
1944